Problémové deti kam patríte?

Bibliographic Details
Format: Article
Language:Slovak
PhysicalDescription:Tab.
Subjects:

MARC

LEADER 00000nab a2200000 a 4500
001 vtls000658552
003 SK-MaSNL
005 20260302183517.0
008 140302c1998 xo 0 slo
015 |a SNBRB1998/05-12719 
035 |a CLN000010744 
040 |a SNKBUCL  |b slo  |c SNKBUCL  |e AACR2 
041 0 |a slo 
044 |a xo  |c SK 
080 |a 376.42-053.2  |2 1997 
245 0 0 |a Problémové deti kam patríte? 
300 |b Tab. 
650 0 7 |a deti problémové  |x výchova  |2 snkbucl  |9 897247 
650 0 7 |a výchova  |x deti problémové  |2 snkbucl  |9 897248 
655 7 |a články z novín a časopisov  |2 snkbucl  |9 267496 
773 0 |t Učiteľské noviny  |g Roč. 48, č. 18 (1998), s. 9 
850 |a Slovenská národná knižnica v Martine 
852 |a SNK  |b KIS3GCP 
992 |a RBX 
999 |c 1421995  |d 1423925